<?xml version="1.0" encoding="UTF-8"?>
<record
    xmlns:xsi="http://www.w3.org/2001/XMLSchema-instance"
    xsi:schemaLocation="http://www.loc.gov/MARC21/slim http://www.loc.gov/standards/marcxml/schema/MARC21slim.xsd"
    xmlns="http://www.loc.gov/MARC21/slim">

  <leader>01587nam a22002897a 4500</leader>
  <datafield tag="999" ind1=" " ind2=" ">
    <subfield code="c">21995</subfield>
    <subfield code="d">21995</subfield>
  </datafield>
  <controlfield tag="003">AR-CdUCM</controlfield>
  <controlfield tag="008">190425b           ||||| |||| 00| 0 spa d</controlfield>
  <datafield tag="040" ind1=" " ind2=" ">
    <subfield code="a">MUNICIPALIDAD PROVINCIAL DEL CUSCO</subfield>
    <subfield code="c">BIBLIOTECA MUNICIPAL DEL CUSCO</subfield>
  </datafield>
  <datafield tag="082" ind1=" " ind2=" ">
    <subfield code="a">Saqsaywaman/N&#xB0;4/1995</subfield>
  </datafield>
  <datafield tag="110" ind1=" " ind2=" ">
    <subfield code="a">Instituto Nacional de Cultura Departamental Cusco</subfield>
    <subfield code="9">8837</subfield>
  </datafield>
  <datafield tag="245" ind1=" " ind2=" ">
    <subfield code="a">Revista Saqsaywaman :</subfield>
    <subfield code="c">Instituto Nacional de Cultura Departamental Cusco.</subfield>
  </datafield>
  <datafield tag="260" ind1=" " ind2=" ">
    <subfield code="a">Cusco.</subfield>
    <subfield code="b">INC,</subfield>
    <subfield code="c">1995.</subfield>
  </datafield>
  <datafield tag="300" ind1=" " ind2=" ">
    <subfield code="a">170 p&#xE1;ginas. :</subfield>
    <subfield code="b">ilustraciones ;</subfield>
    <subfield code="c">19 cm.</subfield>
  </datafield>
  <datafield tag="440" ind1=" " ind2=" ">
    <subfield code="a">Revista Saqsaywaman.</subfield>
    <subfield code="n">N&#xB0;4, 1995.</subfield>
    <subfield code="9">47097</subfield>
  </datafield>
  <datafield tag="505" ind1=" " ind2=" ">
    <subfield code="a">Contenido: Trabajos recientes sobre la expansi&#xF3;n o desarrollo del Inka temprano al norte del Cusco. Ann Kendall. -- Pukara. Percy Bonnett Medina. -- Aplicaci&#xF3;n de una propuesta de metodolog&#xED;a para conservaci&#xF3;n de sitios arqueol&#xF3;gicos Puca Pucara. Dunia S&#xE1;nchez Marmanillo. -- Investigaci&#xF3;n arqueol&#xF3;gica en Moray. Arminda Gibaja Oviedo. -- Ocupaci&#xF3;n Killki en Qhata Q&#xB4;asallaqta. Alfredo Candia G&#xF3;mez. -- Sismo en el mundo andino. Rossano Calvo. -- Asentamiento prehisp&#xE1;nico de la provincia Sucre Ayacucho. H&#xE9;ctor Espinoza Mart&#xED;nez.</subfield>
  </datafield>
  <datafield tag="650" ind1=" " ind2=" ">
    <subfield code="a">Arqueolog&#xED;a cusque&#xF1;a</subfield>
    <subfield code="9">9322</subfield>
  </datafield>
  <datafield tag="650" ind1=" " ind2=" ">
    <subfield code="a">Historia del Cusco</subfield>
    <subfield code="9">1714</subfield>
  </datafield>
  <datafield tag="650" ind1=" " ind2=" ">
    <subfield code="a">Inkas</subfield>
    <subfield code="9">1899</subfield>
  </datafield>
  <datafield tag="650" ind1=" " ind2=" ">
    <subfield code="a">Monumentos hist&#xF3;ricos</subfield>
    <subfield code="9">6891</subfield>
  </datafield>
  <datafield tag="700" ind1=" " ind2=" ">
    <subfield code="a">Valencia Zegarra, Alfredo</subfield>
    <subfield code="9">18086</subfield>
  </datafield>
  <datafield tag="700" ind1=" " ind2=" ">
    <subfield code="a">Kendall, Ann</subfield>
    <subfield code="9">22835</subfield>
  </datafield>
  <datafield tag="700" ind1=" " ind2=" ">
    <subfield code="a">Gibaja Oviedo, Arminda</subfield>
    <subfield code="9">29271</subfield>
  </datafield>
  <datafield tag="700" ind1=" " ind2=" ">
    <subfield code="a">Candia G&#xF3;mez, Alfredo</subfield>
    <subfield code="9">47098</subfield>
  </datafield>
  <datafield tag="856" ind1=" " ind2=" ">
    <subfield code="u">http://bvirtual.culturacusco.gob.pe/items/show/100</subfield>
    <subfield code="z">Leer en digital</subfield>
  </datafield>
  <datafield tag="942" ind1=" " ind2=" ">
    <subfield code="2">ddc</subfield>
    <subfield code="c">PP</subfield>
  </datafield>
  <datafield tag="945" ind1=" " ind2=" ">
    <subfield code="a">rac</subfield>
  </datafield>
  <datafield tag="952" ind1=" " ind2=" ">
    <subfield code="0">0</subfield>
    <subfield code="2">ddc</subfield>
    <subfield code="4">0</subfield>
    <subfield code="7">0</subfield>
    <subfield code="a">HEM</subfield>
    <subfield code="b">HEM</subfield>
    <subfield code="c">CART</subfield>
    <subfield code="d">2022-02-02</subfield>
    <subfield code="g">5.00</subfield>
    <subfield code="o">Saqsaywaman/N&#xB0;4/1995</subfield>
    <subfield code="p">REVC000511</subfield>
    <subfield code="r">2022-02-02</subfield>
    <subfield code="y">PP</subfield>
  </datafield>
  <datafield tag="952" ind1=" " ind2=" ">
    <subfield code="0">0</subfield>
    <subfield code="2">ddc</subfield>
    <subfield code="4">0</subfield>
    <subfield code="7">0</subfield>
    <subfield code="a">HEM</subfield>
    <subfield code="b">HEM</subfield>
    <subfield code="c">CART</subfield>
    <subfield code="d">2022-02-02</subfield>
    <subfield code="g">5.00</subfield>
    <subfield code="o">Saqsaywaman/N&#xB0;4/1995/e.2</subfield>
    <subfield code="p">REVC000512</subfield>
    <subfield code="r">2022-02-02</subfield>
    <subfield code="y">PP</subfield>
  </datafield>
  <datafield tag="952" ind1=" " ind2=" ">
    <subfield code="0">0</subfield>
    <subfield code="2">ddc</subfield>
    <subfield code="4">0</subfield>
    <subfield code="7">0</subfield>
    <subfield code="a">HEM</subfield>
    <subfield code="b">HEM</subfield>
    <subfield code="c">CART</subfield>
    <subfield code="d">2022-02-02</subfield>
    <subfield code="g">5.00</subfield>
    <subfield code="o">Saqsaywaman/N&#xB0;4/1995/e.3</subfield>
    <subfield code="p">REVC000513</subfield>
    <subfield code="r">2022-02-02</subfield>
    <subfield code="y">PP</subfield>
  </datafield>
  <datafield tag="952" ind1=" " ind2=" ">
    <subfield code="0">0</subfield>
    <subfield code="2">ddc</subfield>
    <subfield code="4">0</subfield>
    <subfield code="7">0</subfield>
    <subfield code="a">HEM</subfield>
    <subfield code="b">HEM</subfield>
    <subfield code="c">CART</subfield>
    <subfield code="d">2022-02-02</subfield>
    <subfield code="g">5.00</subfield>
    <subfield code="o">Saqsaywaman/N&#xB0;4/1995/e.4</subfield>
    <subfield code="p">REVC000514</subfield>
    <subfield code="r">2022-02-02</subfield>
    <subfield code="y">PP</subfield>
  </datafield>
</record>
